|
|
|
|
| LEADER |
01364nam a2200373 a 4500 |
| 001 |
EBC3415164 |
| 003 |
MiAaPQ |
| 005 |
20200520144314.0 |
| 006 |
m o d | |
| 007 |
cr cn||||||||| |
| 008 |
130503s2009 ne ad sb 001 0 eng d |
| 020 |
|
|
|z 9789086860968
|
| 020 |
|
|
|z 9789086866892 (e-book)
|
| 035 |
|
|
|a (MiAaPQ)EBC3415164
|
| 035 |
|
|
|a (Au-PeEL)EBL3415164
|
| 035 |
|
|
|a (CaPaEBR)ebr10688294
|
| 035 |
|
|
|a (OCoLC)923506130
|
| 040 |
|
|
|a MiAaPQ
|c MiAaPQ
|d MiAaPQ
|
| 050 |
|
4 |
|a SF396.5
|b .V65 2009
|
| 082 |
0 |
4 |
|a 636.40852
|2 23
|
| 245 |
0 |
0 |
|a Voluntary feed intake in pigs
|h [electronic resource] /
|c edited by David Torrallardona, Eugeni Roura.
|
| 260 |
|
|
|a Wageningen, The Netherlands :
|b Wageningen Academic Publishers,
|c 2009.
|
| 300 |
|
|
|a 365 p. :
|b ill.
|
| 504 |
|
|
|a Includes bibliographical references and index.
|
| 533 |
|
|
|a Electronic reproduction. Ann Arbor, MI : ProQuest, 2015. Available via World Wide Web. Access may be limited to ProQuest affiliated libraries.
|
| 650 |
|
0 |
|a Swine
|x Feeding and feeds.
|
| 650 |
|
0 |
|a Swine
|x Nutrition.
|
| 650 |
|
0 |
|a Swine
|x Physiology.
|
| 650 |
|
0 |
|a Swine
|x Behavior.
|
| 655 |
|
4 |
|a Electronic books.
|
| 700 |
1 |
|
|a Torrallardona, David.
|
| 700 |
1 |
|
|a Roura, Eugeni.
|
| 710 |
2 |
|
|a ProQuest (Firm)
|
| 856 |
4 |
0 |
|u https://ebookcentral.proquest.com/lib/matrademy/detail.action?docID=3415164
|z Click to View
|